Statistiques concernant Personnage historique n°2

Cliquez ici pour prendre le quiz!

Statistiques générales

  • Ce quiz a été pris 247 fois
  • Le résultat moyen est 9 sur 15

Statistiques - réponses

Réponse% Correct
Martin Luther King
96%
Charles De Gaulle
93%
Abraham Lincoln
92%
Joseph Staline
90%
Marie Curie
90%
Hillary Clinton
88%
Richard Nixon
69%
Isaac Newton
56%
Gengis Khan
52%
Paul McCartney
51%
Henri IV
46%
Deng Xiaoping
13%
Tchang Kaï-chek
9%
George Harrison
7%
James Watt
4%

Distribution des résultats

Percentile par nombre de réponses

% des personnes avec chaque résultat

Votre développement - résultats

Vous n’avez pas pris ce quiz